000 00514nam a2200181Ia 4500
003 OSt
005 20250110152043.0
008 240404s9999 xx 000 0 und d
020 _a9789389552928
040 _c0
041 _aEnglish
082 _a006.3  FRE;1  R
100 _aFreeman, Michael. Ross, Joel.
245 0 _aProgramming skills for data science : start writting code to wrangle, analyze, and visualize data with R
260 _c2019
_bPearson
_aNoide
300 _axvi, 376
942 _cAA
_2ddc
999 _c296186
_d296186